BEHAVIOURAL SCI. (Record no. 2184)

MARC details
000 -LEADER
fixed length control field 00309nam a2200133Ia 4500
008 - FIXED-LENGTH DATA ELEMENTS--GENERAL INFORMATION
fixed length control field 220530s9999 xx 000 0 und d
020 ## - INTERNATIONAL STANDARD BOOK NUMBER
International Standard Book Number 812661370X
100 ## - MAIN ENTRY--PERSONAL NAME
Personal name IGNOU
9 (RLIN) 60583
245 ## - TITLE STATEMENT
Title BEHAVIOURAL SCI.
250 ## - EDITION STATEMENT
Edition statement FIRST
260 ## - PUBLICATION, DISTRIBUTION, ETC. (IMPRINT)
Place of publication, distribution, etc. NAGPUR
Name of publisher, distributor, etc. IGNOU
Date of publication, distribution, etc. 2004
650 ## - SUBJECT ADDED ENTRY--TOPICAL TERM
Topical term or geographic name as entry element BIOCHEMISTRY
9 (RLIN) 60584
Holdings
Withdrawn status Lost status Damaged status Not for loan Home library Current library Date acquired Vendor Cost, normal purchase price Barcode Date last seen Bill Date Koha item type Original Barcode
        Sitabai Nargundkar College of Nursing Nagpur Sitabai Nargundkar College of Nursing Nagpur 20/05/2010 TEXTBOOK DONATED IGNOU,NAGPUR 100.00 SNCN-BK-885 31/05/2022 31/05/2022 Donated Book 885
        Sitabai Nargundkar College of Nursing Nagpur Sitabai Nargundkar College of Nursing Nagpur 20/05/2010 TEXTBOOK DONATED IGNOU,NAGPUR 100.00 SNCN-BK-889 05/05/2023 31/05/2022 Donated Book 889
        Sitabai Nargundkar College of Nursing Nagpur Sitabai Nargundkar College of Nursing Nagpur 03/10/2011 TEXTBOOK DONATED IGNOU,NAGPUR 100.00 SNCN-BK-999 05/05/2023 31/05/2022 Donated Book 999